Historia argentina /

Guardado en:
Autor Principal: Fernández Arlaud, S.
Formato: Libro
Publicado: Buenos Aires : Stella, 1978
Edición:9a. ed.
Materias:
Etiquetas: Agregar Etiqueta
Sin Etiquetas, Sea el primero en etiquetar este registro!
LEADER 00548nam a22001935a 4500
001 CEM.cems002431
005 20060220000000.0
008 130507s1978##################000#0#####d
003 CEMS
082 0 4 |a 982 
100 1 |a Fernández Arlaud, S. 
245 1 0 |a Historia argentina / 
250 |a 9a. ed. 
260 |a Buenos Aires :  |b Stella,  |c 1978 
300 |a 427 p. 
653 |a Historia 
653 |a Historia argentina 
859 |a CEMS  |b BIB. CEMS - 11 de abril  |h 982  |i F391a9  |p 6458.78  |t Ej.1 
859 |a CEMS  |b BIB. CEMS - 11 de abril  |h 982  |i F391a9  |p 6731.79  |t Ej.2